[Event "Benasque op 44th"]
[Site "Benasque"]
[Date "2025.07.12"]
[Round "9"]
[White "Sokolovsky, Yahli"]
[Black "Tudor, Henry Edward"]
[Result "1-0"]
[WhiteElo "2545"]
[BlackElo "2384"]
[PlyCount "101"]
[EventDate "2025.07.04"]
[EventType "swiss"]
[EventRounds "10"]
[EventCountry "ESP"]
[SourceTitle "CB29_2025"]
[SourceDate "2025.07.16"]
[SourceVersion "1"]
[SourceVersionDate "2025.07.16"]
[SourceQuality "1"]

1. e4 c6 2. d4 d5 3. Nd2 dxe4 4. Nxe4 Nf6 5. Nxf6+ exf6 6. c3 Bd6 7. Bd3 0-0 8. Qc2 Re8+ 9. Ne2 h5 10. Be3 Nd7 11. c4 Nf8 12. 0-0-0 Be6 13. Kb1 Rc8 14. a3 Ng6 15. Nc3 Ne7 16. Rhe1 a6 17. Bc1 b5 18. Rxe6 fxe6 19. Qe2 Qd7 20. Qxh5 f5 21. g4 Rf8 22. Bg5 bxc4 23. Bxe7 cxd3 24. g5 Bf4 25. Bxf8 Rxf8 26. Rxd3 Qe8 27. Qh4 Bd6 28. f4 Qg6 29. Na4 Qh7 30. Qf2 Qh5 31. Nb6 Qg4 32. Rf3 e5 33. h3 Qh5 34. fxe5 Be7 35. h4 Qg4 36. Ka2 f4 37. Qf1 Kh7 38. Qd3+ g6 39. h5 Qxg5 40. d5 cxd5 41. Nxd5 Qxe5 42. Qxg6+ Kh8 43. Qh6+ Kg8 44. Nxf4 Rf6 45. Rg3+ Kf7 46. Qg7+ Ke8 47. Qg8+ Bf8 48. Nd5 Rd6 49. Re3 Rxd5 50. Rxe5+ Rxe5 51. h6 1-0

[Event "Dubai op-A 25th"]
[Site "Dubai"]
[Date "2025.06.02"]
[Round "7"]
[White "Sokolovsky, Yahli"]
[Black "Dotzer, Lukas"]
[Result "1-0"]
[WhiteElo "2539"]
[BlackElo "2455"]
[PlyCount "77"]
[EventDate "2025.05.27"]
[EventType "swiss"]
[EventRounds "9"]
[EventCountry "UAE"]
[SourceTitle "CB23_2025"]
[SourceDate "2025.06.04"]
[SourceVersion "1"]
[SourceVersionDate "2025.06.04"]
[SourceQuality "1"]

1. e4 c5 2. Nf3 e6 3. d4 cxd4 4. Nxd4 Nc6 5. Nc3 Qc7 6. Be2 Nf6 7. Be3 a6 8. 0-0 Be7 9. f4 d6 10. a4 0-0 11. Kh1 Nxd4 12. Qxd4 Bd7 13. a5 Rac8 14. Qd2 Bc6 15. Bf3 Nd7 16. Ne2 d5 17. e5 Bb5 18. Rfc1 Bxe2 19. Qxe2 Nc5 20. Qe1 Qd7 21. Bd4 Rc7 22. b4 Na4 23. Qd2 Rb8 24. c3 f6 25. f5 b5 26. axb6 Nxb6 27. fxe6 Qd8 28. exf6 Bxf6 29. Rxa6 Bg5 30. Be3 Bxe3 31. Qxe3 d4 32. cxd4 Rxc1+ 33. Qxc1 Qxd4 34. Qe1 Rc8 35. e7 Kf7 36. Bc6 Nd7 37. Bb7 Qe5 38. Qf1+ Kxe7 39. Bxc8 1-0

[Event "Dubai op-A 25th"]
[Site "Dubai"]
[Date "2025.05.31"]
[Round "5"]
[White "Sokolovsky, Yahli"]
[Black "Bronstein, Or"]
[Result "1-0"]
[WhiteElo "2539"]
[BlackElo "2443"]
[PlyCount "207"]
[EventDate "2025.05.27"]
[EventType "swiss"]
[EventRounds "9"]
[EventCountry "UAE"]
[SourceTitle "CB23_2025"]
[SourceDate "2025.06.04"]
[SourceVersion "1"]
[SourceVersionDate "2025.06.04"]
[SourceQuality "1"]

1. e4 c5 2. Nf3 d6 3. d4 cxd4 4. Nxd4 Nf6 5. Nc3 a6 6. g3 e5 7. Nb3 Be7 8. Bg2 0-0 9. 0-0 Be6 10. a4 Nbd7 11. Nd2 Rc8 12. Qe2 Qa5 13. Rd1 Bd8 14. Nf1 Bb6 15. Bd2 Qc5 16. Ne3 Qc7 17. Nf5 Rfe8 18. g4 g6 19. Nh6+ Kg7 20. Qf3 Bd4 21. g5 Nh5 22. Nf5+ Kh8 23. Ne2 Bc5 24. Bc3 a5 25. Bh3 f6 26. Bg4 Ng7 27. Nxg7 Kxg7 28. Bxe6 Rxe6 29. Qg4 Re7 30. Kg2 Rf8 31. f3 Kg8 32. Bd2 Bb4 33. Bxb4 axb4 34. Rd2 Qc5 35. Ng3 Nb6 36. b3 fxg5 37. Qxg5 Rg7 38. Re1 Rgf7 39. Re3 d5 40. exd5 Nd7 41. Red3 Rf4 42. Ne4 Qc8 43. d6 R8f7 44. Qh6 Qc6 45. Ng5 e4 46. Nxf7 Rxf7 47. Re3 exf3+ 48. Kf2 Nf6 49. Qh4 Nd5 50. Red3 Nf6 51. Rd4 Qc5 52. Kf1 g5 53. Qg3 Qf5 54. d7 Rxd7 55. Qb8+ Kf7 56. Rxd7+ Nxd7 57. Qxb7 Ke8 58. Qxb4 Ne5 59. Ke1 Kf7 60. a5 Ng4 61. Qc4+ Kg7 62. Qd4+ Kh6 63. Kf1 Qxa5 64. h3 Ne5 65. Kf2 Kh5 66. c4 Qc7 67. Qe3 Qa5 68. Rd5 Qa2+ 69. Qd2 Qa1 70. Qe1 Qb2+ 71. Qd2 Qa1 72. Qc2 h6 73. Rd1 Qa6 74. Qc3 Qe6 75. Re1 Qxh3 76. Qxe5 Qg2+ 77. Ke3 f2 78. Ra1 f1Q 79. Rxf1 Qxf1 80. c5 Qe1+ 81. Kd4 Qb4+ 82. Kd5 Qxb3+ 83. Kc6 Kh4 84. Qh2+ Kg4 85. Qxh6 Qf3+ 86. Kc7 Qf4+ 87. Kd7 Qf7+ 88. Kd8 Qg8+ 89. Ke7 Kf3 90. c6 g4 91. c7 g3 92. Qc6+ Kf2 93. Qc2+ Kf1 94. c8Q Qg5+ 95. Kf7 Qh5+ 96. Qg6 Qd5+ 97. Kg7 Qd4+ 98. Qf6+ Qf2 99. Qh3+ g2 100. Qxf2+ Kxf2 101. Qh2 Kf1 102. Qf4+ Ke2 103. Qg3 Kf1 104. Qf3+ 1-0

[Event "Dubai op-A 25th"]
[Site "Dubai"]
[Date "2025.05.29"]
[Round "3"]
[White "Sokolovsky, Yahli"]
[Black "Srihari, LR."]
[Result "1/2-1/2"]
[WhiteElo "2539"]
[BlackElo "2468"]
[PlyCount "147"]
[EventDate "2025.05.27"]
[EventType "swiss"]
[EventRounds "9"]
[EventCountry "UAE"]
[SourceTitle "CB23_2025"]
[SourceDate "2025.06.04"]
[SourceVersion "1"]
[SourceVersionDate "2025.06.04"]
[SourceQuality "1"]

1. e4 e6 2. d4 d5 3. Nc3 Nf6 4. e5 Nfd7 5. f4 c5 6. Nf3 Nc6 7. Be3 a6 8. Ne2 Qb6 9. Qc1 f6 10. c3 Be7 11. h4 0-0 12. h5 cxd4 13. Nexd4 Nxd4 14. Bxd4 Bc5 15. Qd2 Bxd4 16. cxd4 f5 17. 0-0-0 Nb8 18. Kb1 Bd7 19. Rc1 Nc6 20. Be2 Rac8 21. h6 g6 22. Qe3 Qb4 23. a3 Qb6 24. Rc5 Na5 25. Rhc1 Rxc5 26. Rxc5 Rc8 27. Rxc8+ Bxc8 28. Qc3 Nc6 29. Bd1 Qb5 30. Qe1 Qa5 31. Qxa5 Nxa5 32. Ba4 b5 33. Bd1 Nc6 34. Kc2 Nd8 35. Kc3 a5 36. Be2 Bd7 37. Nd2 Kf8 38. Nb3 Nb7 39. Kd2 Ke7 40. Ke3 Kd8 41. Nd2 Ke7 42. Nb3 Be8 43. Nd2 Nd8 44. Kd3 Kd7 45. Nb3 Nb7 46. Kc3 Kc7 47. Nc1 Kd8 48. Nd3 Ke7 49. Kd2 Bc6 50. Ke3 Nd8 51. g4 Nf7 52. g5 Nd8 53. Nc5 Ke8 54. Kd2 Ke7 55. Kc3 Ke8 56. Kc2 Ke7 57. Kb1 Ke8 58. Ka2 Ke7 59. Kb3 Ke8 60. Kc3 Ke7 61. Bf1 Ke8 62. Bd3 Ke7 63. Kd2 Ke8 64. Kc2 Ke7 65. Kc3 Ke8 66. Bf1 Ke7 67. Be2 Ke8 68. b4 a4 69. Nxa4 bxa4 70. b5 Bd7 71. Kb4 Nb7 72. Bd1 Kd8 73. Bxa4 Kc8 74. Bd1 1/2-1/2

[Event "Dubai op-A 25th"]
[Site "Dubai"]
[Date "2025.05.28"]
[Round "2"]
[White "Sokolovsky, Yahli"]
[Black "Hayrapetyan, Hovik"]
[Result "1-0"]
[WhiteElo "2539"]
[BlackElo "2423"]
[PlyCount "61"]
[EventDate "2025.05.27"]
[EventType "swiss"]
[EventRounds "9"]
[EventCountry "UAE"]
[SourceTitle "CB23_2025"]
[SourceDate "2025.06.04"]
[SourceVersion "1"]
[SourceVersionDate "2025.06.04"]
[SourceQuality "1"]

1. e4 c5 2. Nf3 d6 3. d4 cxd4 4. Nxd4 Nf6 5. Nc3 a6 6. Be3 e5 7. Nb3 Be6 8. f3 h5 9. Nd5 Bxd5 10. exd5 Nbd7 11. Qd2 g6 12. 0-0-0 Nb6 13. Kb1 Nfxd5 14. Bf2 Nf6 15. Bd3 Nbd7 16. Rhe1 Bh6 17. Qb4 Qc7 18. Bf1 Rc8 19. c4 b5 20. Qxd6 bxc4 21. Na1 c3 22. bxc3 Qxd6 23. Rxd6 0-0 24. Kb2 Rc7 25. Nb3 Rb8 26. Red1 a5 27. a4 Bf8 28. Ra6 Bc5 29. Bh4 Ne8 30. Bb5 Nb6 31. Rd8 1-0

[Event "Sardinia World op-A"]
[Site "Orosei"]
[Date "2025.04.30"]
[Round "5"]
[White "Zakin, Ilay"]
[Black "Sokolovsky, Yahli"]
[Result "0-1"]
[WhiteElo "2254"]
[BlackElo "2546"]
[PlyCount "72"]
[EventDate "2025.04.27"]
[EventType "swiss"]
[EventRounds "9"]
[EventCountry "ITA"]
[SourceTitle "CB19_2025"]
[SourceDate "2025.05.07"]
[SourceVersion "1"]
[SourceVersionDate "2025.05.07"]
[SourceQuality "1"]

1. e4 c5 2. Nf3 d6 3. Bb5+ Nd7 4. Ba4 Ngf6 5. 0-0 a6 6. c4 e6 7. Qe2 Be7 8. d4 cxd4 9. Nxd4 0-0 10. Nc3 Qc7 11. f4 Nc5 12. Bc2 e5 13. Nf3 b5 14. f5 bxc4 15. g4 Nxg4 16. Qg2 Nf6 17. Bh6 g6 18. Bxf8 Kxf8 19. Ng5 gxf5 20. Nd5 Qa7 21. Kh1 h6 22. Nxf6 Bxf6 23. Nh7+ Ke7 24. Nxf6 Kxf6 25. Qd2 f4 26. Qxd6+ Ne6 27. Rad1 Bb7 28. Qb4 Rb8 29. Qe1 Ng5 30. Qh4 Ke7 31. Rfe1 Qb6 32. Ba4 Kf8 33. Rd7 Qg6 34. Bc2 Bc6 35. Rc7 Rxb2 36. Bb1 Rxb1 0-1

[Event "Reykjavik op"]
[Site "Reykjavik"]
[Date "2025.04.12"]
[Round "5"]
[White "Sokolovsky, Yahli"]
[Black "Heimisson, Hilmir Freyr"]
[Result "1-0"]
[WhiteElo "2546"]
[BlackElo "2376"]
[PlyCount "91"]
[EventDate "2025.04.09"]
[EventType "swiss"]
[EventRounds "9"]
[EventCountry "ISL"]
[SourceTitle "CB17_2025"]
[SourceDate "2025.04.23"]
[SourceVersion "1"]
[SourceVersionDate "2025.04.23"]
[SourceQuality "1"]

1. e4 e5 2. Nf3 Nc6 3. Bb5 Nf6 4. d3 Bc5 5. c3 d5 6. exd5 Qxd5 7. Bc4 Qd6 8. b4 Bb6 9. Nbd2 Bf5 10. Ng5 0-0 11. Nde4 Nxe4 12. dxe4 Qxd1+ 13. Kxd1 Bg4+ 14. Kc2 h6 15. Nf3 Bxf2 16. Rf1 Bxf3 17. gxf3 Bh4 18. Rg1 Kh7 19. Rd1 Be7 20. Rd7 Bd6 21. Be3 Rad8 22. Rxd8 Rxd8 23. Bd5 a6 24. Rb1 Ra8 25. Bxc6 bxc6 26. c4 f5 27. c5 Be7 28. Rd1 fxe4 29. Rd7 Bg5 30. Bxg5 hxg5 31. fxe4 a5 32. a4 Rb8 33. bxa5 Rb4 34. Rxc7 Rxa4 35. Kb3 Rxa5 36. Rxc6 Ra1 37. Re6 Rh1 38. c6 Rc1 39. Kb4 g4 40. Kb5 Rc2 41. Rxe5 Kg6 42. Rc5 Rxh2 43. c7 Rh8 44. c8Q Rxc8 45. Rxc8 Kg5 46. Rc1 1-0

[Event "Reykjavik op"]
[Site "Reykjavik"]
[Date "2025.04.10"]
[Round "2"]
[White "Zhou, Guijue"]
[Black "Sokolovsky, Yahli"]
[Result "0-1"]
[WhiteElo "2127"]
[BlackElo "2546"]
[PlyCount "80"]
[EventDate "2025.04.09"]
[EventType "swiss"]
[EventRounds "9"]
[EventCountry "ISL"]
[SourceTitle "CB17_2025"]
[SourceDate "2025.04.23"]
[SourceVersion "1"]
[SourceVersionDate "2025.04.23"]
[SourceQuality "1"]

1. e4 c5 2. Nf3 d6 3. d4 cxd4 4. Nxd4 Nf6 5. Nc3 a6 6. Be2 e5 7. Nb3 Be7 8. Bg5 Be6 9. Bxf6 Bxf6 10. Qd3 Nc6 11. 0-0-0 Nd4 12. Nxd4 exd4 13. Nd5 Bxd5 14. exd5 Qa5 15. Kb1 0-0-0 16. Bf3 Kb8 17. Rhe1 Rc8 18. Re4 Rc5 19. Qe2 Ka7 20. Qe1 Qa4 21. Re2 Rhc8 22. Be4 d3 23. Bxd3 Ra5 24. a3 Bxb2 25. Qb4 Qxb4 26. axb4 Ra1+ 27. Kxb2 Rxd1 28. Re7 Rf8 29. Kc3 Rg1 30. g3 Rg2 31. Kd4 Rxh2 32. f3 h5 33. c4 h4 34. gxh4 Rxh4+ 35. Ke3 g5 36. Rd7 Re8+ 37. Kf2 Rf4 38. Rxd6 g4 39. Be2 Rd4 40. b5 axb5 0-1

[Event "Wch U20 62nd"]
[Site "Petrovac"]
[Date "2025.03.01"]
[Round "5"]
[White "Sokolovsky, Yahli"]
[Black "Wang, Hao3"]
[Result "1-0"]
[WhiteElo "2552"]
[BlackElo "2424"]
[PlyCount "60"]
[EventDate "2025.02.25"]
[EventType "swiss"]
[EventRounds "11"]
[EventCountry "MNE"]
[SourceTitle "CB11_2025"]
[SourceDate "2025.03.12"]
[SourceVersion "1"]
[SourceVersionDate "2025.03.12"]
[SourceQuality "1"]

1. e4 e5 2. Nf3 Nc6 3. Bb5 Nf6 4. d3 Bc5 5. 0-0 d6 6. c3 Bb6 7. Nbd2 0-0 8. Nc4 Ne7 9. Ba4 Ng6 10. Bc2 Bg4 11. h3 Bxf3 12. Qxf3 d5 13. Nxb6 dxe4 14. dxe4 axb6 15. Bg5 Qe7 16. h4 Rfd8 17. h5 Nf4 18. h6 Ne6 19. Be3 g6 20. a4 Nd7 21. Rfd1 Ndf8 22. b4 Rxd1+ 23. Rxd1 Rd8 24. Rd5 Rxd5 25. exd5 Nd8 26. Qg4 Nd7 27. c4 Kh8 28. Bf5 Nf8 29. c5 f6 30. Bc8 f5 1-0

[Event "Wch U20 62nd"]
[Site "Petrovac"]
[Date "2025.02.27"]
[Round "3"]
[White "Amilal, Munkhdalai"]
[Black "Sokolovsky, Yahli"]
[Result "0-1"]
[WhiteElo "2409"]
[BlackElo "2552"]
[PlyCount "88"]
[EventDate "2025.02.25"]
[EventType "swiss"]
[EventRounds "11"]
[EventCountry "MNE"]
[SourceTitle "CB11_2025"]
[SourceDate "2025.03.12"]
[SourceVersion "1"]
[SourceVersionDate "2025.03.12"]
[SourceQuality "1"]

1. e4 c5 2. Nf3 d6 3. Bb5+ Nd7 4. 0-0 a6 5. Bd3 Ngf6 6. c3 e6 7. Bc2 b5 8. d4 Bb7 9. Nbd2 Qc7 10. Re1 Be7 11. Nf1 0-0 12. Ng3 a5 13. Bf4 Rfe8 14. e5 dxe5 15. dxe5 Nd5 16. Bd2 N7b6 17. Ng5 g6 18. b3 Nd7 19. Qe2 Bxg5 20. Bxg5 Nxc3 21. Qg4 Nxe5 22. Qf4 Qc6 23. Be4 Nxe4 24. Nxe4 Nd7 25. Rad1 e5 26. Qg4 f5 27. Qh3 Re6 28. Rxd7 Qxd7 29. Nxc5 Qd5 30. Nxe6 Qxe6 31. Qc3 Re8 32. Qxa5 Qd5 33. f3 Rc8 34. Qd2 Qxd2 35. Bxd2 Rc2 36. Bb4 e4 37. a4 bxa4 38. bxa4 Bc6 39. Rf1 exf3 40. gxf3 Bxa4 41. Rf2 Rc4 42. Bd2 Bc6 43. Kg2 Rg4+ 44. Kf1 Bb5+ 0-1